Statistics for Faa'a International Airport Destinations (Faa'a, Tahiti)

Click here to take the quiz!

General Stats

  • This quiz has been taken 21 times
  • The average score is 12 of 43

Answer Stats

AirlineDestination% Correct
Air New Zealand/Air Tahiti NuiAuckland
100%
Hawaiian AirlinesHonolulu
100%
Air France/Air Tahiti Nui/Delta Air LinesLos Angeles
88%
LATAM ChileSantiago de Chile
88%
Air France/Air Tahiti NuiParis (Charles de Gaulle)
82%
French BeeParis (Orly)
82%
Air Tahiti NuiTokyo (Narita)
82%
French Bee/United AirlinesSan Francisco
76%
Air Moana/Air TahitiBora Bora
65%
Air Tahiti NuiSeattle/Tacoma
65%
Air Tahiti NuiNoumea
59%
LATAM ChileEaster Island
41%
Air TahitiMoorea
35%
Air Rarotonga/Air TahitiRarotonga
35%
Air TahitiHuahine (Fare)
18%
Air Moana/Air TahitiRangiroa
18%
Air TahitiFakarava
12%
Air TahitiHao
12%
Air TahitiManihi
12%
Air TahitiMaupiti
12%
Air Moana/Air TahitiNuku Hiva
12%
Air Moana/Air TahitiRaiatea
12%
Air TahitiReao
12%
Air TahitiTakaroa
12%
Air TahitiTotegegie
12%
Air TahitiArutua
6%
Air Moana/Air TahitiAtuona
6%
Air TahitiFangatau
6%
Air TahitiMakemo
6%
Air TahitiNapuka
6%
Air TahitiPuka-Puka
6%
Air TahitiTatakoto
6%
Air TahitiTikehau
6%
Air TahitiAhe
0%
Air TahitiFakahina
0%
Air TahitiKauehi
0%
Air TahitiMataiva
0%
Air TahitiRaivavae
0%
Air TahitiRaroia
0%
Air TahitiRimatara
0%
Air TahitiRurutu
0%
Air TahitiTubuai (Mataura)
0%
Air TahitiTureira
0%

Score Distribution

Percentile by Number Answered

Percent of People with Each Score

Your Score History

You have not taken this quiz